Návrh na vytvorenie modelu marketingovej organizácie v destinácii Domica - Aggtelek

Návrh na založenie spoločnej marketingovej organizácie, ktorá by mala prispieť k efektívnej cezhraničnej spolupráci dvoch regiónov, ktoré spájajú spoločné historické a kultúrno-jazykové tradície.

Enregistré dans:
Détails bibliographiques
Auteur principal: Weiss, Erik, 1979-
Autres auteurs: Zuzik, Jozef, 1985-
Format: Chapitre de livre
Langue:slovaque
Sujets:
Tags: Ajouter un tag
Pas de tags, Soyez le premier à ajouter un tag!

MARC

LEADER 00000naa$a2200000$$$4500
001 0280950
005 20240502074349.5
041 0 |a slo 
044 |a SK 
245 1 0 |a Návrh na vytvorenie modelu marketingovej organizácie v destinácii Domica - Aggtelek  |c Erik Weiss, Jozef Zuzik 
520 |a Návrh na založenie spoločnej marketingovej organizácie, ktorá by mala prispieť k efektívnej cezhraničnej spolupráci dvoch regiónov, ktoré spájajú spoločné historické a kultúrno-jazykové tradície. 
610 2 0 |a organizácia 
610 2 0 |a marketing 
610 2 0 |a spolupráca cezhraničná 
610 2 0 |a ruch cestovný 
100 1 |a Weiss, Erik, 1979- 
700 1 |a Zuzik, Jozef, 1985-